| 000 | 00836cam a2200253 4500 | ||
|---|---|---|---|
| 001 | M1923 | ||
| 008 | 090401t1977 xxu||||| |||| 00| 0 eng d | ||
| 035 | _a(Sirsi) u35300 | ||
| 041 | _aeng | ||
| 050 | _a711.1 | ||
| 090 | _aRICS 1977/19A | ||
| 110 |
_aRoyal Institution of Chartered Surveyors _94900 |
||
| 245 | _aPlanning and mineral working:(papers from a conference held at Oxford,September 1977, organised by the Bar Council, the Law Socciety and the Royal Institution of Chartered Surveyors.) | ||
| 260 | _c1977 | ||
| 300 | _a9 items in folder ; 30cm. | ||
| 350 | _a0 | ||
| 650 | _aCONFERENCES | ||
| 650 | _aPLANNING AND MINERAL WORKING | ||
| 690 | _aPLANNING LAW AND PRACTICE | ||
| 710 |
_aGeneral Council of the Bar _9691 |
||
| 710 |
_aLaw Society of England and Wales _91639 |
||
| 942 | _n0 | ||
| 948 | _c04/03/1997 | ||
| 999 |
_c90089 _d90089 |
||